| 000 | 00687nam a2200229Ia 4500 | ||
|---|---|---|---|
| 003 | GCL | ||
| 005 | 20240530101954.0 | ||
| 008 | 140319s9999 xx 000 0 ara d | ||
| 040 |
_aGCL / _cGCL |
||
| 082 | 0 | 4 |
_a398.4/ _bس ف |
| 100 | 0 | _aسعد الخادم | |
| 245 | 1 | 0 |
_aالفن الشعبى والمعتقدات السحرية / _cسعد الخادم |
| 260 |
_aالقاهرة : _bمكتبة النهضة المصرية |
||
| 300 | _a75 | ||
| 490 |
_aالالف كتاب _v0 |
||
| 650 | 0 | 4 | _aالعادات والتقاليد |
| 650 | 0 | 4 | _aالفولكلور |
| 650 | 0 | 4 | _aالسحر |
| 650 | 0 | 4 | _aالادب الشعبى |
| 650 | 0 | 4 | _aالاساطير |
| 942 |
_2ddc _cBK |
||
| 999 |
_c29084 _d29084 |
||